| 000 | | | 04955nac2a22003373x 450 |
| 001 | | | 616fed29-bdc4-4c5f-ace7-fa4dcb65a636 |
| 005 | | | 20240819190033.0 |
| 100 | ## | $a | 20240716l1880 k y0rusy50 ca |
| 101 | 0# | $a | rus |
| 102 | ## | $a | RU |
| 105 | ## | $a | y z ||||| |
| 122 | 0# | $a | d18800502 |
| 200 | 1# | $a | Переведенная статья из "Нейе фрее пресс" ("Neue Freie Presse") "Лорис-Меликов" |
| | $j | 02.05.1880 |
| 215 | ## | $a | 4 листа |
| | $d | 37,7 х 25 |
| 251 | ## | $c | Дело |
| 300 | ## | $a | Заголовок дела на папке: Переведенная статья из "Ней фрай пресс" ("Neue Freie Presse") - Лорис-Меликов |
| 300 | ## | $a | Рукописный текст |
| 325 | ## | $a | Замикрофильмировано |
| 330 | ## | $a | Входит в раздел описи: Отзывы прессы о Лорис-Меликове М. Т. |
| 461 | #0 | $1 | 001cda3d175-ae4a-411a-8dea-9cc20fb178f6 |
| | $1 | 2001 |
| | $a | Лорис-Меликов Михаил Тариелович, граф, министр внутренних дел, главный начальник "верховной распорядительной комиссии по охранению государственного порядка и общественного спокойствия", генерал от кавалерии |
| | $1 | 251 |
| | $c | Фонд |
| | $1 | 852 |
| | $j | 569 |
| 462 | #0 | $1 | 001163e060a-d7cc-404d-90ee-e28c9801971b |
| | $1 | 2001 |
| | $a | Опись дел фонда М. Т. Лорис-Меликова за 1858-1915 гг. |
| | $v | Д. 111 |
| | $1 | 251 |
| | $c | Опись |
| | $1 | 852 |
| | $j | 1 |
| 517 | 1# | $a | Переведенная статья из "Ней фрай пресс" ("Neue Freie Presse") - Лорис-Меликов |
| 600 | #1 | $a | Лорис-Меликов |
| | $b | М. Т. |
| | $c | граф |
| | $g | Михаил Тариелович |
| 601 | 02 | $a | Neue Freie Presse |
| 605 | ## | $3 | DITM\AF\0000002775 |
| | $a | Власть |
| | $l | коллекция |
| | $2 | acquisition_prlib |
| 610 | 1# | $a | Нейе фрее пресс |
| | $a | Статья |
| 686 | ## | $a | 63.3(2)535-332ю1 |
| | $c | История |
| | $2 | rubbk |
| 686 | ## | $a | 67.400.6ю1 |
| | $c | Право |
| | $2 | rubbk |
| 801 | #0 | $a | RU |
| | $b | GA_RF |
| 801 | #1 | $a | RU |
| | $b | ГлавНИВЦ |
| | $c | 20240716 |
| | $2 | rusmarc |
| 801 | #2 | $a | RU |
| | $b | ПБ им. Б.Н. Ельцина |
| | $c | 20240819 |
| | $g | RCR |
| | $2 | rusmarc |
| 852 | ## | $a | ГА РФ |
| | $j | 111 |
| 937 | ## | $d | 193622670 |
| | $h | ГАРФ |
| 035 | ## | $a | RuPRLIB51076470 |
| 856 | ## | $u | http://readingroom.main.prlib.ru/item.aspx?id_node=n193622670&mode=full |